000 00558nam a2200217Ia 4500
003 OSt
005 20220928144624.0
006 a|||||r|||| 00| 0
007 ta
008 220927b |||||||| |||| 00| 0 eng d
024 _a72556
037 _cTextual
040 _aSDCL
_cSDCL
_beng
041 _2eng
_aeng
082 _aV53'N4, L4
100 _aDank Milton
_9508763
245 0 _aFrench against the french
_b Collaboration and resistance.
260 _c1974
942 _hV53'N4, L4
_cTEXL
_2CC
999 _c828544
_d828544